Návrh racionalizácie pracovných procesov v podniku

Salvato in:
Dettagli Bibliografici
Autore principale: Čmehíl, Marek, 1989- (Autore)
Altri autori: Sablik, Jozef, 1944- (Relatore della tesi)
Natura: Manoscritto Libro
Lingua:slovacco
Pubblicazione: 2015
Soggetti:
Accesso online:http://is.stuba.sk/zp/portal_zp.pl?podrobnosti=110300
Tags: Aggiungi Tag
Nessun Tag, puoi essere il primo ad aggiungerne!!

MARC

LEADER 00000ntm a22000003a 4500
001 stuzp51535
003 SK-STU
005 20160719153904.0
007 ta
008 150427s2015----xo-----f-mn---000-0-slo-d
040 |a STU  |b slo 
041 0 |a slo 
100 1 |a Čmehíl, Marek,  |d 1989-  |u 064000  |4 aut  |U MTF Materiálovotechnologická fakulta  |T MTF Ústav priemyselného inžinierstva a manažmentu  |X 6642  |U M4000  |Y 84  |7 A000006642 
242 0 1 |a Proposal for rationalization of work processes in the company  |y eng 
245 1 0 |a Návrh racionalizácie pracovných procesov v podniku 
260 |c 2015 
650 4 |a ergonómia  |2 slo 
650 4 |a racionalizácia  |2 slo 
650 4 |a proces  |2 slo 
650 4 |a ergonomics  |2 eng 
650 4 |a rationalization  |2 eng 
650 4 |a process  |2 eng 
700 1 |a Sablik, Jozef,  |d 1944-  |4 ths  |X 324  |7 A000000324 
856 4 |u http://is.stuba.sk/zp/portal_zp.pl?podrobnosti=110300 
996 |c M* DP-12150  |l MMSKP  |s P  |a 0  |w stuzp51535_0001 
SQL |a stuzp51535  |b DDP  |c SLO  |d Návrh racionalizácie pracovných procesov v podniku  |e 6642  |f Čmehíl, Marek  |g 064000  |h 324  |i Sablik, Jozef  |j 20150601  |k 189  |l 06  |m http://is.stuba.sk/zp/portal_zp.pl?podrobnosti=110300  |n I-PMA  |o 5.2.52. priemyselné inžinierstvo